Interesting Geography and History Questions #1 - Statistics

General Stats
  • This quiz has been taken 54 times
  • The average score is 5 of 10
Answer Stats
Question Answer % Correct
Lake Taal's Vulcan Point, in the Philippines, is technically an island within a lake within... an island within a lake within an island
100%
Liechtenstein and Haiti had the same exact flag, unknowingly, until this event in 1936. What was the event? The Olympics
100%
The Korowai, in south-eastern Papua, is known for being one of the last tribes to pursue this unusual practice Cannibalism
67%
If you cross the border from Afghanistan to China, you will... lose 3h30
67%
What is the oldest "unchanged" country? San Marino
67%
These are the only countries that are landlocked by one single country. Vatican, San Marino and Lesotho
67%
Russia has 11 time zones. While China, which spans about half the length of the previous uses only... 1
33%
Kiribati is the only country that spans... 4 hemispheres
33%
About __% of the world population lives in the northern hemisphere. 90
0%
What is one thing you may say New Zealand has in common with Nepal? They are the only countries that use 45-minunte time zones
0%
No matching quizzes found
Score Distribution
Percent of People with Each Score
Percentile by Number Answered
Your Score History
You have not taken this quiz